Vybrané trendy v logistike

Analýza vybraných trendov v logistike. Globálny pohľad na trendy v logistike. Technológia rádiofrekvenčnej identifikácie, Big Data v logistike a Outsourcing logistiky.

Gespeichert in:
Bibliographische Detailangaben
1. Verfasser: Richnák, Patrik, 1988-
Format: Buchkapitel
Sprache:Slowakisch
Schlagworte:
Tags: Tag hinzufügen
Keine Tags, Fügen Sie das erste Tag hinzu!

MARC

LEADER 00000naa a2200000 4500
001 0257659
005 20240502074103.9
041 0 |a slo 
044 |a SK 
245 1 0 |a Vybrané trendy v logistike  |c Patrik Richnák 
520 |a Analýza vybraných trendov v logistike. Globálny pohľad na trendy v logistike. Technológia rádiofrekvenčnej identifikácie, Big Data v logistike a Outsourcing logistiky. 
610 2 0 |a logistika 
610 2 0 |a technológie informačné 
610 2 0 |a technológie komunikačné 
610 2 0 |a technológie nové 
610 2 0 |a systémy informačné 
610 2 0 |a outsourcing 
610 2 0 |a systémy logistické 
100 1 |a Richnák, Patrik, 1988-